000 00549nam a2200241 a 4500
001 nice12345678
003 IN_TiNIC
005 20260116011901.0
008 050524s1953 illa grp 000 0 eng
020 _a
_c100
082 0 0 _a231.765
_bCLA
100 _aClark, R C D
245 _aCreation
260 _aIllinois
_bTyndale House
_c1953
300 _a72p
500 _aincludes index and biblioraphy
505 2 _aIndex
650 _aTheology-Creation
700 1 _aClark, R C D
902 _bSRS
942 _cBK
999 _c4702
_d4702